All I want is a job! : unemployed women navigating the public workforce system /

Bibliographic Details
Main Author: Gatta, Mary Lizabeth, 1972-
Format: eBook
Language:English
Published: Stanford, California : Stanford University Press, 2014.
Subjects:
Online Access:Click to View
LEADER 01725nam a2200397 i 4500
001 EBC1634052
003 MiAaPQ
005 20200520144314.0
006 m o d |
007 cr cnu||||||||
008 140316t20142014cau ob 001 0 eng d
020 |z 9780804790826 
020 |a 9780804790857  |q (electronic bk.) 
035 |a (MiAaPQ)EBC1634052 
035 |a (Au-PeEL)EBL1634052 
035 |a (CaPaEBR)ebr10840541 
035 |a (OCoLC)876042891 
040 |a MiAaPQ  |b eng  |e rda  |e pn  |c MiAaPQ  |d MiAaPQ 
050 4 |a HD6095  |b .G38 2014 
082 0 |a 331.4/1370973  |2 23 
100 1 |a Gatta, Mary Lizabeth,  |d 1972- 
245 1 0 |a All I want is a job! :  |b unemployed women navigating the public workforce system /  |c Mary Gatta. 
264 1 |a Stanford, California :  |b Stanford University Press,  |c 2014. 
264 4 |c 2014 
300 |a 1 online resource (167 pages) 
336 |a text  |2 rdacontent 
337 |a computer  |2 rdamedia 
338 |a online resource  |2 rdacarrier 
504 |a Includes bibliographical references and index. 
588 |a Description based on print version record. 
590 |a Electronic reproduction. Ann Arbor, MI : ProQuest, 2015. Available via World Wide Web. Access may be limited to ProQuest affiliated libraries. 
650 0 |a Unemployed women workers  |x Services for  |z United States. 
655 4 |a Electronic books. 
776 0 8 |i Print version:  |a Gatta, Mary Lizabeth, 1972-  |t All I want is a job! : unemployed women navigating the public workforce system.  |d Stanford, California : Stanford University Press, c2014   |h xiv, 150 pages   |z 9780804790826  |w 2013047793 
797 2 |a ProQuest (Firm) 
856 4 0 |u https://ebookcentral.proquest.com/lib/matrademy/detail.action?docID=1634052  |z Click to View